Statistics for American History by Letter - C

Click here to take the quiz!

General Stats

  • This quiz has been taken 385 times
  • The average score is 10 of 15

Answer Stats

QuestionAnswer% Correct
"The Golden State"California
97%
Theodore Roosevelt built this in PanamaCanal
94%
Meriwether Lewis' partnerClark
86%
The peanut farmer presidentCarter
85%
Succeeded Warren G. Harding as presidentCoolidge
81%
Island country nearly invaded under Ostend ManifestoCuba
78%
Made his last stand at Bull RunCuster
77%
President to serve non-consecutive termsCleveland
74%
Notable botanist named after first presidentCarver
67%
Northerners who ventured to the South after the Civil WarCarpetbaggers
66%
Acronym that incorporated the seceded statesCSA
40%
Vocal Southern politician involved throughout mid-1800sCalhoun
37%
"The Great Compromisor"Clay
32%
Colonists defeated the British fleet at the harbor here in 1776Charleston
29%
Site of first major silver discovery in U.S.Comstock Lode
7%

Score Distribution

Percentile by Number Answered

Percent of People with Each Score

Your Score History

You have not taken this quiz